书目信息 |
| 题名: |
离散数学
|
|
| 作者: | 胡延忠 主编 | |
| 分册: | ||
| 出版信息: | 北京 机械工业出版社 2005.01 |
|
| 页数: | vi, 151页 | |
| 开本: | 26cm | |
| 丛书名: | 21世纪高职高专规划教材 | |
| 单 册: | ||
| 中图分类: | O158-43 | |
| 科图分类: | ||
| 主题词: | 离散数学--高等教育--教材 | |
| 电子资源: | ||
| ISBN: | 7-111-15272-7 | |
| 000 | 00851nam 2200265 450 | |
| 001 | 010239432391 | |
| 005 | 20051110091023.07 | |
| 010 | @a7-111-15272-7@dCNY16.00 | |
| 100 | @a20050517d2005 km y0chiy0120 ea | |
| 101 | 0 | @achi |
| 102 | @aCN@b110000 | |
| 105 | @aa a 000yy | |
| 200 | 1 | @a离散数学@Ali san shu xue@f胡延忠主编@Fhu yan zhong zhu bian |
| 210 | @a北京@c机械工业出版社@d2005.01 | |
| 215 | @avi, 151页@c图@d26cm | |
| 225 | 2 | @a21世纪高职高专规划教材 |
| 320 | @a有书目。 | |
| 330 | @a本书分为4个部分共12章,着重介绍了离散数学的经典内容:集合论、代数结构、图论、数理逻辑。 | |
| 333 | @a高等院校相关专业师生及普通读者 | |
| 410 | 0 | @12001 @a21世纪高职高专规划教材 |
| 606 | 0 | @a离散数学@x高等教育@x教材 |
| 690 | @aO158-43@v4 | |
| 701 | 0 | @a胡延忠@Ahu yan zhong@4主编 |
| 801 | 0 | @aCN@bQSSK@c20051110 |
| 905 | @a10447@dO158-43@eH529 | |
| 离散数学/胡延忠主编.-北京:机械工业出版社,2005.01 |
| vi, 151页:图;26cm.-(21世纪高职高专规划教材) |
| 使用对象:高等院校相关专业师生及普通读者 |
| ISBN 7-111-15272-7:CNY16.00 |
| 本书分为4个部分共12章,着重介绍了离散数学的经典内容:集合论、代数结构、图论、数理逻辑。 |
| ● |
| 相关链接 |
|
|
|
正题名:离散数学
索取号:O158-43/H529
 
预约/预借
| 序号 | 登录号 | 条形码 | 馆藏地/架位号 | 状态 | 备注 |
| 1 | 574526 | 205745265 | 自科库401/401自科库 42排7列4层/ [索取号:O158-43/H529] | 在馆 | |
| 2 | 574527 | 205745274 | 自科库401/401自科库 42排7列4层/ [索取号:O158-43/H529] | 在馆 | |
| 3 | 574528 | 205745283 | 自科库401/401自科库 42排7列4层/ [索取号:O158-43/H529] | 在馆 |